|
|
|
|
| LEADER |
00960nam a2200301 4500 |
| 001 |
DLU090098628 |
| 005 |
##20091201 |
| 040 |
# |
# |
|a DLU
|b eng
|
| 041 |
# |
# |
|a eng
|
| 044 |
# |
# |
|a us
|
| 100 |
# |
# |
|a Belov, Dmitry I.
|
| 245 |
# |
# |
|a Direct and inverse problems of item pool design for computerized adaptive testing /
|c Dmitry I. Belov, Ronald D. Armstrong.
|
| 653 |
# |
# |
|a Automated test assembly
|
| 653 |
# |
# |
|a Computerized adaptive testing
|
| 653 |
# |
# |
|a Item pool design
|
| 653 |
# |
# |
|a Item response theory
|
| 653 |
# |
# |
|a Monte Carlo methods
|
| 700 |
# |
# |
|a Armstrong, Ronald D.
|
| 773 |
# |
# |
|t Educational and Psychological Measurement
|g Vol. 69, no. 4 (August 2009), p. 533-547
|
| 920 |
# |
# |
|a Phòng Tạp chí -- Trung tâm Thông tin - Thư viện Trường Đại học Đà Lạt
|
| 994 |
# |
# |
|a DLU
|
| 900 |
# |
# |
|a True
|
| 911 |
# |
# |
|a Trương Bảo Trâm Anh
|
| 925 |
# |
# |
|a G
|
| 926 |
# |
# |
|a A
|
| 927 |
# |
# |
|a BB
|
| 980 |
# |
# |
|a Thư viện Trường Đại học Đà Lạt
|